#1 top selling christmas toys by year - Statistics

General Stats
  • This quiz has been taken 402 times
  • The average score is 9 of 15
Answer Stats
Hint Answer % Correct
(1965) Are there any surgeons in the house? Operation
86%
(1976) All you need is 4 in a row. Connect Four
81%
(1961) I always sucked at drawing on this. Etch A Sketch
80%
(1972) Card game Uno
74%
(1985) They had birth certificates. Cabbage Patch Doll
68%
(1991) First nintendo portable game system. Game Boy
63%
(2002) Teen fashion dolls with big heads Bratz Doll
60%
(2006) This broke a lot of TVs. Nintendo Wii
57%
(1980) There are competitions to who can solve this the fastest. Rubiks Cube
55%
(1996) Laughing red guy. Tickle Me Elmo
55%
(1989) "Cowabunga"! Teenage Mutant Ninja Turtles
47%
(1968) You make a picture with colored plastic pegs. Lite Brite
40%
(1979) She smells fruity. Strawberry Shortcake
40%
(1993) Winner by fatality. Mortal Kombat
27%
(2016) Needs love to be born. Hatchimal
20%
No matching quizzes found
Score Distribution
Percent of People with Each Score
Percentile by Number Answered
Your Score History
You have not taken this quiz